| 000 | 01415nam a2200241Ia 4500 | ||
|---|---|---|---|
| 999 |
_c49227 _d49227 |
||
| 001 | 16139 | ||
| 003 | GE_BSU | ||
| 005 | 20241226181637.0 | ||
| 008 | 181216s2015||||ge |||||||||||||| ||geo|| | ||
| 020 | _a9789941225666 | ||
| 040 | _cGE_BSU | ||
| 041 | _ageo | ||
| 080 | _a930.25(479.223) ა-95 | ||
| 245 |
_aაჭარის საარქივო სამმართველო (1923-2015) : _b[მონოგრაფია] / _cავტორები : თამაზ ფუტკარაძე, ელგუჯა ჩაგანავა, ნათია ბერიძე [და სხვ.] ; სარედაქციო საბჭო : მაია ივანიშვილი, თამაზ ფუტკარაძე (რედ.), თენგიზ ცინცქილაძე [და სხვ.]. |
||
| 264 |
_aთბილისი : _bუნივერსალი, _c2015. |
||
| 300 |
_a412 გვ. ; _c20 სმ. |
||
| 653 | _aარქივი | ||
| 653 | _aაჭარის საარქივო სამმართველო | ||
| 700 |
_aფუტკარაძე, თამაზ _eავტორი,რედაქტორი _924030 |
||
| 700 |
_aჩაგანავა, ელგუჯა _eავტორი, რედაქტორი _924031 |
||
| 700 |
_aბერიძე, ნათია _eავტორი _95440 |
||
| 942 |
_cBK _2udc |
||